| 000 | 00858cam a2200277 4500 | ||
|---|---|---|---|
| 008 | 090401t1995 xxu||||| |||| 00| 0 eng d | ||
| 020 | _a1872534368 | ||
| 035 | _a(Sirsi) u76697 | ||
| 041 | _aeng | ||
| 050 | _a333.33025 | ||
| 245 | _aTuckers` directory of the Surveyors 500: the definitive guide to UK chartered surveyors. - 1995/96 edition | ||
| 250 | _a3rd ed. | ||
| 260 |
_aManchester _bTuckers Directories _c1995 |
||
| 300 | _a382p. ; 24cm. | ||
| 350 | _a34.95 | ||
| 520 | _aAlso includes top 200 UK firms of solicitors specialising in property law. | ||
| 650 | _aABOUT RICS-RICS MEMBERS | ||
| 650 | _aDIRECTORIES | ||
| 650 | _aPROPERTY LAW | ||
| 650 | _aSOLICITORS | ||
| 650 | _aSURVEYORS 500 | ||
| 650 | _aTUCKERS DIRECTORY | ||
| 690 | _aMANAGEMENT-BUSINESS MANAGEMENT-PROFESSIONAL PRACTICE | ||
| 942 | _n0 | ||
| 948 | _c04/03/1997 | ||
| 999 |
_c96232 _d96232 |
||